[Event "Challenge"]
[Site "http://www.queenalice.com/game.php?id=744526"]
[Date "2010.3.11"]
[Round "-"]
[White "babycrocket"]
[Black "RichardB"]
[Result "0-1"]
[WhiteElo "1746"]
[BlackElo "2022"]

1. d4 c6 2. Nf3 d5 3. c4 dxc4 4. e3 b5 5. Bd2 Nf6 6. Nc3 Bg4 7. Be2 Nbd7 8. Qc2
e6 9. h4 Bd6 10. O-O-O O-O 11. e4 e5 12. Bg5 Bxf3 13. Bxf3 exd4 14. Rxd4 Bc5 15.
Rd2 Qc7 16. h5 h6 17. Bh4 Rfe8 18. Re2 Ne5 19. Bg3 Nd3+ 20. Kb1 Qa5 21. e5 Nd5
22. Bxd5 cxd5 23. Nxd5 Rad8 24. Nc3 Bd4 25. Rh4 Nb4 26. Qd2 Bxe5 27. Qxd8 Rxd8
0-1

[Event "pajabraba69-2"]
[Site "http://www.queenalice.com/game.php?id=773723"]
[Date "2010.5.10"]
[Round "1"]
[White "RIVAS"]
[Black "RichardB"]
[Result "1/2-1/2"]
[WhiteElo "2122"]
[BlackElo "2027"]

1. d4 d5 2. c4 dxc4 3. e4 b5 4. a4 c6 5. axb5 cxb5 6. b3 cxb3 7. Bxb5+ Bd7 8.
Qxb3 Nc6 9. Qa4 Nxd4 10. Bxd7+ Qxd7 11. Qxd7+ Kxd7 12. Na3 e5 13. Kd1 Bb4 14.
Nc2 Nxc2 15. Kxc2 Rc8+ 16. Kd1 a5 17. Nf3 f6 18. Bd2 Ne7 19. Bxb4 axb4 20. Kd2
Rhd8 21. Rhc1 Ke8+ 22. Ke2 b3 23. Rxc8 Rxc8 24. Rb1 Rc2+ 25. Kf1 b2 26. Ne1 Rd2
27. Nf3 Rc2 28. Ne1 Rc4 29. f3 Rb4 30. Nd3 Rb3 31. Ke2 Nc6 32. Rxb2 Rxb2+
1/2-1/2

[Event "Challenge"]
[Site "http://www.queenalice.com/game.php?id=800219"]
[Date "2010.7.8"]
[Round "-"]
[White "RichardB"]
[Black "crisvolei"]
[Result "1-0"]
[WhiteElo "2031"]
[BlackElo "1524"]

1. d4 e6 2. e4 Nc6 3. f4 Nf6 4. e5 Ne4 5. Bd3 Qh4+ 6. g3 Nxg3 7. Nf3 Qh3 8. Rg1
Nf5 9. Nc3 Ncxd4 10. Nxd4 Nxd4 11. Be2 Qxh2 12. Qxd4 Qh4+ 13. Kd1 b6 14. Be3 Bc5
15. Qe4 d5 16. exd6 Bxe3 17. Qxa8 O-O 18. Qg2 Bxg1 19. Qxg1 Qxf4 20. dxc7 Qd6+
21. Bd3 Qxc7 22. Kd2 Qf4+ 23. Qe3 Qh2+ 24. Ne2 Rd8 25. Rg1 g6 26. Kc1 e5 27. Be4
Ba6 28. Nc3 f5 29. Bxf5 Qd2+ 30. Qxd2 Rxd2 31. Kxd2 Kf7 32. Be4 Kf6 33. Ke3 b5
34. Bd3 Kg7 35. Bxb5 Bb7 36. Rd1 h5 37. Rd7+ Kf6 38. Rxb7 a5 39. Ne4+ Kf5 40.
Bd7# 1-0

[Event "Challenge"]
[Site "http://www.queenalice.com/game.php?id=833795"]
[Date "2010.9.16"]
[Round "-"]
[White "filomenos"]
[Black "RichardB"]
[Result "0-1"]
[WhiteElo "1839"]
[BlackElo "2033"]

1. d4 d5 2. g3 Nf6 3. Bg2 Bf5 4. Nf3 Nc6 5. c3 h6 6. Bf4 e6 7. O-O Bd6 8. Bxd6
Qxd6 9. Nbd2 O-O 10. Nb3 b6 11. Nfd2 Ne7 12. Re1 c5 13. dxc5 bxc5 14. Nc4 Qc7
15. Ne3 Bg6 16. Qd2 Rab8 17. c4 d4 18. Nc2 Ne4 19. Bxe4 Bxe4 20. f3 Ba8 21. Nc1
Rxb2 22. Nb3 Nf5 23. Qc1 Rxc2 24. Qxc2 Ne3 25. Qd3 g5 26. Nd2 f5 27. Nf1 Nxf1
28. Rxf1 e5 29. Rfb1 e4 30. Qa3 e3 31. Rb5 Rc8 32. Ra5 g4 33. Rxa7 Qc6 34. Ra6
Qb7 35. Rg6+ Kh7 36. Qa6 Qxa6 37. Rxa6 gxf3 38. Kf1 f2 39. Rb1 f4 40. Rbb6 Be4
41. Rxh6+ Kg7 42. Rhe6 Bf5 43. Rf6 Bh3# 0-1

[Event "Challenge"]
[Site "http://www.queenalice.com/game.php?id=855254"]
[Date "2010.11.5"]
[Round "-"]
[White "alechess"]
[Black "RichardB"]
[Result "1-0"]
[WhiteElo "2140"]
[BlackElo "2041"]

1. e4 c6 2. d4 d5 3. Nc3 dxe4 4. Nxe4 Bf5 5. Ng3 Bg6 6. Bd3 Qxd4 7. N1e2 Qd5 8.
O-O Nf6 9. Nf4 Qd8 10. Qe2 e6 11. Re1 Be7 12. Bd2 Qb6 13. Nxe6 fxe6 14. Qxe6 Qc7
15. Bb4 Nd5 16. Bxg6+ hxg6 17. Bd6 Qd7 18. Qxg6+ Kd8 19. Bxe7+ Kc7 20. Qxg7 Re8
21. Qe5+ Kc8 22. Nf5 Rg8 23. c4 Nxe7 24. Nxe7+ 1-0

[Event "Challenge"]
[Site "http://www.queenalice.com/game.php?id=876000"]
[Date "2010.12.24"]
[Round "-"]
[White "filomenos"]
[Black "RichardB"]
[Result "0-1"]
[WhiteElo "1853"]
[BlackElo "2039"]

1. d4 d5 2. g3 Nc6 3. Bg2 Bf5 4. c3 Nf6 5. Nf3 e6 6. Bg5 Be7 7. Nbd2 O-O 8. O-O
h6 9. Bxf6 Bxf6 10. Re1 a6 11. e4 dxe4 12. Nxe4 Be7 13. Qd2 Bg6 14. Qe2 b5 15.
b4 Bf6 16. Nxf6+ Qxf6 17. Ne5 Nxe5 18. dxe5 Qd8 19. Bxa8 Qxa8 20. f4 Qc6 21. Qe3
Bf5 22. Rac1 Bh3 23. Qe4 Qb6+ 24. Kh1 Bf5 25. Qe3 Qc6+ 26. Kg1 Bh3 27. Qe4 Qb6+
28. Re3 Rd8 29. Kf2 Bf5 30. Qf3 Rd2+ 31. Kg1 Bg4 32. Qe4 Re2 33. Re1 Rxe1+ 34.
Kf2 Re2+ 0-1

[Event "Challenge"]
[Site "http://www.queenalice.com/game.php?id=876001"]
[Date "2010.12.24"]
[Round "-"]
[White "RichardB"]
[Black "filomenos"]
[Result "1-0"]
[WhiteElo "2029"]
[BlackElo "1900"]

1. e4 d5 2. exd5 Qxd5 3. Nc3 Qe6+ 4. Be2 g6 5. Nf3 Bg7 6. O-O c6 7. d4 Nf6 8.
Re1 Qd7 9. Ne5 Qd8 10. Bc4 O-O 11. Bg5 Bf5 12. h3 Nbd7 13. g4 Be6 14. Bxe6 fxe6
15. Nf3 Kf7 16. Qe2 e5 17. dxe5 Nd5 18. Nxd5 cxd5 19. e6+ Ke8 20. Qb5 Rxf3 21.
exd7+ 1-0

[Event "Challenge"]
[Site "http://www.queenalice.com/game.php?id=907530"]
[Date "2011.3.2"]
[Round "-"]
[White "dutchgalego"]
[Black "RichardB"]
[Result "1-0"]
[WhiteElo "2048"]
[BlackElo "2048"]

1. e4 e5 2. Nc3 Nf6 3. Bc4 Bc5 4. d3 O-O 5. Nf3 d6 6. Be3 Bxe3 7. fxe3 Bg4 8. h3
Bh5 9. g4 Bg6 10. Nh4 Nxe4 11. Nxg6 Nxc3 12. bxc3 hxg6 13. Qf3 Qh4+ 14. Ke2 c6
15. d4 d5 16. Bb3 e4 17. Qf2 Qe7 18. a3 Nd7 19. c4 Nb6 20. cxd5 cxd5 21. h4 Qd7
22. Qf4 Rac8 23. h5 Rc6 24. h6 f5 25. hxg7 Qxg7 26. g5 a5 27. a4 Nc4 28. Rh3 Rf7
29. Rah1 Kf8 30. Qb8+ Ke7 31. Bxc4 Rxc4 32. Qxb7+ Kd6 33. Qb6+ Kd7 34. Kd2 Qf8
35. Qb5+ Ke6 36. Qxa5 Rfc7 37. Rc1 1-0